PUNISHMENT & MODERN SOCIETY:A STUDY IN SOCIAL THEORY (Record no. 216624)

MARC details
000 -LEADER
fixed length control field 00537nam a22001697a 4500
008 - FIXED-LENGTH DATA ELEMENTS--GENERAL INFORMATION
fixed length control field 260224b |||||||| |||| 00| 0 eng d
020 ## - INTERNATIONAL STANDARD BOOK NUMBER
International Standard Book Number 978-0226-28382-1
050 ## - LIBRARY OF CONGRESS CALL NUMBER
Classification number HV 8676 .G 37 1990
100 ## - MAIN ENTRY--PERSONAL NAME
Personal name GARLAND, DAVID
245 ## - TITLE STATEMENT
Title PUNISHMENT & MODERN SOCIETY:A STUDY IN SOCIAL THEORY
260 ## - PUBLICATION, DISTRIBUTION, ETC.
Place of publication, distribution, etc. CHICAGO,
Name of publisher, distributor, etc. THE UNIVERSITY OF CHICAGO PRESS,
Date of publication, distribution, etc. 1990,
300 ## - PHYSICAL DESCRIPTION
Extent X, 376 P, ILL
500 ## - GENERAL NOTE
General note INCLUDES BIBLIOGRAPHICAL REFERENCES AND INDEX
650 ## - SUBJECT ADDED ENTRY
Topical term or geographic name entry element 1.PUNISHMENT 2. TITLE 3. SERIES
942 ## - ADDED ENTRY ELEMENTS (KOHA)
Source of classification or shelving scheme Library of Congress Classification
Koha item type Long Loan Book
Holdings
Withdrawn status Lost status Source of classification or shelving scheme Damaged status Not for loan Collection Home library Current library Shelving location Date acquired Inventory number Total checkouts Full call number Barcode Date last seen Copy number Price effective from Koha item type
    Library of Congress Classification     Arts & Social Sciences Kisii University Library Kisii University Library On Display 02/24/2026 112002   HV 8676 .G 37 1990 046211 02/24/2026 1 02/24/2026 Long Loan Book
    Library of Congress Classification     Arts & Social Sciences Kisii University Library Kisii University Library On Display 02/24/2026 102003   HV 8676 .G 37 1990 046204 02/24/2026 2 02/24/2026 Long Loan Book
    Library of Congress Classification     Arts & Social Sciences Kisii University Library Kisii University Library On Display 02/24/2026 102004   HV 8676 .G 37 1990 046206 02/24/2026 3 02/24/2026 Long Loan Book
    Library of Congress Classification     Arts & Social Sciences Kisii University Library Kisii University Library On Display 02/24/2026 102005   HV 8676 .G 37 1990 046205 02/24/2026 4 02/24/2026 Long Loan Book